A favor del viento. Cien años del Maestranza Foot-Ball Club: 1905-2005, historia de un club deportivo
Saved in:
| Hovedforfatter: | |
|---|---|
| Format: | Bog |
| Sprog: | spansk |
| Udgivet: |
Iquique
Campus
2005
|
| Udgivelse: | 1a. ed |
| Fag: | |
| Tags: |
Tilføj Tag
Ingen Tags, Vær først til at tagge denne postø!
|
MARC
| LEADER | 00000nam a2200000 a 4500 | ||
|---|---|---|---|
| 001 | UCH3649 | ||
| 003 | CL-VaPUC | ||
| 008 | 090813e20050000CL |||||||||||||||||spa|d | ||
| 020 | |a 9567628106 | ||
| 082 | 0 | 4 | |a 796.334983 |b GUE |2 21 |
| 100 | |a Guerrero Jiménez, Bernardo |e autor |9 614892 | ||
| 245 | 1 | 0 | |a A favor del viento. Cien años del Maestranza Foot-Ball Club: 1905-2005, historia de un club deportivo |
| 250 | |a 1a. ed | ||
| 300 | |a 221 p | ||
| 942 | |c BK | ||
| 945 | |d 20090813 00:00:00 |a rbrito | ||
| 260 | |a Iquique |b Campus |c 2005 | ||
| 600 | 0 | 7 | |a MAESTRANZA FOOT-BALL CLUB |2 CL-VaPUC |9 539150 |
| 650 | 0 | |a Fútbol |9 307513 | |
| 650 | 7 | |a HISTORIA DEL FUTBOL |2 CL-VaPUC |9 502597 | |
| 650 | 7 | |a FUTBOL AMATEURS |2 CL-VaPUC |9 539151 | |
| 651 | 7 | |a IQUIQUE |2 CL-VaPUC |9 357757 | |
| 583 | |a last modification |c 20090813 00:00:00 |k Rodrigo Vera | ||
| 999 | |c 335132 |d 335130 | ||
| 952 | |0 0 |1 0 |4 0 |6 796_334983000000000_GUE_2005 |7 0 |8 X |9 424749 |a FDOBUD |b FDOBUD |d 2019-11-22 |i 4587162 |o 796.334983 GUE 2005 |p 4587162 |r 2019-11-22 |w 2019-11-22 |y BK_X |k BUD | ||